Obras literarias y sus autores - 2 - Estadísticas

Estadísticas generales
  • Esta prueba ha sido intentada 581 veces
  • La puntuación promedio es 11 de 20
Estadísticas de respuestas
Obra Autor/a % Correcto
La Divina Comedia Dante Alighieri
89%
Macbeth William Shakespeare
88%
Veinte mil leguas de viaje submarino Julio Verne
85%
Romancero gitano Federico García Lorca
84%
Asesinato en el Orient Exprés Agatha Christie
79%
Rebelión en la granja George Orwell
78%
Los miserables Victor Hugo
72%
La Celestina Fernando de Rojas
62%
El viejo y el mar Ernest Hemingway
60%
Cantares gallegos Rosalía de Castro
52%
Lolita Vladimir Nabokov
52%
Los pazos de Ulloa Emilia Pardo Bazán
49%
Fausto Johann Wolfgang von Goethe
46%
Pedro Páramo Juan Rulfo
45%
Grandes esperanzas Charles Dickens
39%
Yo, Robot Isaac Asimov
32%
El cuento de la criada Margaret Atwood
28%
Últimas tardes con Teresa Juan Marsé
22%
Si esto es un hombre Primo Levi
18%
Un tranvía llamado Deseo Tennessee Williams
18%
No se encontraron pruebas coincidentes
Distribución de puntuación
Porcentaje de gente con cada puntuación
Porcentaje por número respondido
Historial de tus puntuaciones
No has intentado esta prueba.